Culture Générale - Série 2423 - Statistiques

Statistiques générales
  • Ce quiz a été pris 135 fois
  • Le résultat moyen est 4 sur 10
Statistiques - réponses
Question Réponse % Correct
Quel pays a pour capitale Ljubljana ? Slovénie
91%
Quel philosophe publia "Lettres persanes" en 1721 ? Montesquieu
74%
De quel pays Chopin était-il originaire ? voir photo Pologne
70%
"A vaincre sans périls on triomphe sans gloire" est une citation de .... Corneille
32%
Dans quelle capitale européenne peut-on déambuler dans le Prater ? Vienne
32%
En solfège, comment appelle-t-on le silence qui dure un temps ? soupir
28%
Dans quelle ville repose Chateaubriand ? Saint-Malo
26%
Quel adjectif signifie "qui a perdu beaucoup de sang " - 8 lettres commençant et finissant par " e " exsangue
21%
Quel adjectif signifie "Qui s'ajoute inutilement (à une chose utile)" - 14 lettres commençant par " s " superfétatoire
21%
Quel fleuve traverse le Liban, la Syrie et la Turquie ? Oronte
7%
Aucun quiz correspondant
Distribution des résultats
% des personnes avec chaque résultat
Percentile par nombre de réponses
Votre historique - résultats
Vous n’avez pas pris ce quiz